000 01115nam a2200241Ia 4500
003 Ost
005 20260507075657.0
008 260507s9999||||xx |||||||||||||| ||und||
040 _cfsecg
041 _aara
082 _a658.404
100 _aالصحن، محمد فريد
_eمؤلف
245 0 _aدراسات جدوى المشروع /
_c محمد فريد الصحن
260 _aالاسكندرية:
_bالدار الجامعية,
_c2005
300 _a294 صفحة؛
_bإيضاحات ؛
_c24 سم
504 _aالمراجع ص.293
520 _aالاطار العام لدراسات الجدوى، التعرف على الفرص الاستثمارية واعداد دراسات الجدوى التمهيدية، الدراسات التسويقية، الدراسات الفنية، الدراسة المالية، دراسات الجدوى التنظيمية للأفراد، دراسات الربحية الاجتماعية.
653 _aإدارة المشاريع
653 _aالاستثمار
653 _aتقييم الأداء
653 _aضبط الجودة
942 _cكتاب
999 _c45716
_d45716